| 000 | 00650nam a22001817a 4500 | ||
|---|---|---|---|
| 005 | 20231109121120.0 | ||
| 010 | _aHIN-126226 | ||
| 020 |
_a9789386720542 _c395.00 |
||
| 035 | _aHN-98572 | ||
| 037 | _bDBAD/PUB | ||
| 082 | _a230.2 | ||
| 100 |
_aमालिक,सोनी _958524 |
||
| 245 |
_aदानवीर कर्ण/ _cसोनी मालिक |
||
| 260 |
_auttar pradesh _bRathore publishers & Distributors _c2020 |
||
| 270 |
_aBasement-260 shaktikand -III Indrapuram Ghaziabad _buttar pradesh _e201010 |
||
| 300 |
_a 112 पृष्ठ _c23 (सजिल्द) |
||
| 942 |
_cHN _h230.2 _2ddc _mमालिक |
||
| 999 |
_c198929 _d198929 |
||